Normal view
MARC view
Entry Personal Name
001 - CONTROL NUMBER
- control field: 41366
003 - CONTROL NUMBER IDENTIFIER
- control field: dpl
005 - DATE AND TIME OF LATEST TRANSACTION
- control field: 20120209145322.0
008 - FIXED-LENGTH DATA ELEMENTS
- fixed length control field: 120209|||a|||||| | ||| d
040 ## - CATALOGING SOURCE
- Original cataloging agency: dpl
- Transcribing agency: dpl
100 ## - HEADING--PERSONAL NAME
- Personal name: Jain,Meenakshi C.
670 ## - SOURCE DATA FOUND
- Source citation: Work cat.: (dpl)62408: Jain,Meenakshi C., Monty and his friends /, 200?
670 ## - SOURCE DATA FOUND
- Source citation: Work cat.: (dpl)62408: Jain,Meenakshi C., Monty and his friends /, 200?
